[Event "EU-ch 16th"]
[Site "Jerusalem"]
[Date "2015.03.03"]
[Round "7"]
[White "Volokitin, Andrei"]
[Black "Goganov, Aleksey"]
[Result "1-0"]
[WhiteElo "2646"]
[BlackElo "2605"]
[Annotator "Volokitin,A"]
[PlyCount "77"]
[EventDate "2015.02.24"]
[EventType "swiss"]
[EventRounds "11"]
[EventCountry "ISR"]
[SourceTitle "CBM 166"]
[Source "ChessBase"]
[SourceDate "2015.05.11"]
[SourceVersion "1"]
[SourceVersionDate "2015.05.11"]
[SourceQuality "1"]

1. e4 e5 2. Nf3 Nc6 3. Bb5 a6 4. Ba4 Nf6 5. O-O Be7 6. Re1 b5 7. Bb3 d6 8. c3
O-O 9. h3 Nb8 10. d4 Nbd7 11. Nbd2 Bb7 12. Bc2 Re8 13. Nf1 Bf8 14. Ng3 g6 15.
a4 Bg7 {Meiner Meinung nach ist diese Variante sehr passiv fuer Schwarz. Mehr
prinzipiell und staerker ist die Hauptvariante-} (15... c5 $1) 16. Bd3 c6 17.
Be3 {Der Zug Lg5, der ich zweimal gespielt habe, ist auch gut. Aber entschied
ich den anderen soliden Zug zu spielen.} Qe7 ({Der andere Plan ist-} 17... Qc7)
18. Qd2 Red8 {So war in der Partie Karjakin-Sasikiran World cup 2013, Karjakin
hat zu frueh auf b5 genommen und Kein Vorteil bekommen.} 19. b4 {Der Zug sieht
sehr logisch aus. Weiss nimmt mehr Raum am Damenfluegel.} Ne8 {Die kritische
Stellung. Schwarz will den Springer auf e6 uebergehen.Ich dachte hier sehr
lang und fand die Verbesserung meiner Figuren.} 20. Bc2 $1 {Der Laeufer zieht
auf b3, wo kann er den Punkt f7 angreifen.} Nb6 {Schwarz versucht den zeitlich
schwachen Punkt c4 zu benutzen. Die anderen Varianten sind-} (20... exd4 21.
cxd4 c5 22. Bg5 $1 {Ein wichtiger Zug in vielen Varianten.Weiss hat die
Initiative. Zum Beispiel-} Bf6 23. Bxf6 Qxf6 (23... Nexf6 24. axb5 axb5 25.
Rxa8 Bxa8 26. Qg5 Kh8 27. bxc5 dxc5 28. Ra1 $16) 24. e5 dxe5 25. Be4 $3 $16) (
20... Nc7 21. Bb3 Ne6 22. Ng5 {So habe ich wahrend der Partie gerechnet.} Ndf8
(22... Nxg5 23. Bxg5 Bf6 24. Bxf6 Nxf6 (24... Qxf6 25. Re3 $1 $16) 25. f4 $36)
23. Ne2 {Mit staendigen Druck.}) 21. Bg5 $1 Bf6 {Vielleicht besser war den Zug
zurueck-} (21... Nf6 22. Bb3 bxa4 23. Bxa4 a5 24. bxa5 Rxa5 25. Bb3 Rxa1 26.
Rxa1 $14 {Aber sowieso hat Weiss einen klaren Vorteil.}) 22. Bxf6 Qxf6 23. Qh6
$1 {Nach dem Tauschen die schwarzfeldrigen Laeufers fuehlt sich den Schwarzen
Koenig nicht sicher.} exd4 {Die Stellung ist sehr unangenehm fuer Schwarz.
Positionell steht Schwarz schlecht. Aber vielleicht besser war nicht auf e5 zu
nehmen.} (23... Rac8 $5 24. Bb3 $14) 24. cxd4 {Jetzt hat Weiss sehr klaren
Plan-e5 und dann Se4.} Qg7 25. Qh4 $16 {Natuerlich muss Weiss die Damen am
Brett lassen.} Nc7 26. e5 $1 dxe5 ({Nach} 26... d5 27. a5 $1 Nc4 28. Nh2 $1 {
attackiert Weiss kostenlos.} h5 29. f4 $18) 27. Ne4 Ne6 (27... exd4 {verliert
sofort} 28. Nf6+ Kh8 29. Ng5 $1 h5 (29... h6 30. Nxf7+ Qxf7 31. Qxh6+) 30. Re7
$18) 28. dxe5 c5 {Der Versuch seine Figuren zu aktivieren.} ({Nach} 28... bxa4
29. Nfg5 $1 Nxg5 30. Qxg5 h6 31. Qh4 Nd5 32. Nd6 Rab8 33. Bxa4 $18 {Mit voller
Dominanz.}) 29. axb5 $1 axb5 30. Rxa8 Rxa8 ({Nach} 30... Bxa8 31. Nfg5 $1 Nxg5
32. Qxg5 $18) 31. bxc5 Na4 32. Nd4 $2 {Ein Fehler. Staerker war zuerst Schach-}
(32. Nf6+ $1 Kh8 33. Nd4 $1 $18) 32... Naxc5 $2 {Schwarz verliert seine letzte
Chancen die Partie zu halten.} (32... Bxe4 $1 {Die einzige Moeglichkeit auf
Remis zu hoffen.} 33. Qxe4 Rc8 34. Nxe6 fxe6 35. Bxa4 bxa4 36. Qxa4 Qe7 $1 {
Diesen Zug habe ich ubergesehen.} 37. c6 Qc5 38. Rd1 $1 Qxc6 39. Qxc6 Rxc6 40.
Rd6 $1 Rc1+ 41. Kh2 Kf7 42. Rd7+ Kg8 43. f4 $18 {Und ist dieses Turmendspiel
technisch gewonnen fuer Weiss.}) 33. Nf6+ $1 Kh8 34. Nxb5 {Jetzt ist die
Stellung voellig hoffnungslos fuer Schwarz.} Ba6 35. Nd6 Nc7 36. Rb1 N5e6 37.
Qa4 Rd8 38. Rb6 Nc5 39. Qc6 1-0

[Event "Corus"]
[Site "Wijk aan Zee"]
[Date "2004.01.15"]
[Round "5"]
[White "Akopian, Vladimir Eduardovic"]
[Black "Sokolov, Ivan"]
[Result "1-0"]
[WhiteElo "2693"]
[BlackElo "2706"]
[Annotator "Wedberg,T"]
[PlyCount "73"]
[EventDate "2004.01.10"]
[EventType "tourn"]
[EventRounds "13"]
[EventCountry "NED"]
[EventCategory "19"]
[SourceTitle "CBM 099"]
[Source "ChessBase"]
[SourceDate "2004.03.30"]
[SourceVersion "1"]
[SourceVersionDate "2004.03.30"]
[SourceQuality "1"]

1. e4 e5 2. Nf3 Nc6 3. Bb5 a6 4. Ba4 Nf6 5. O-O Be7 6. Re1 b5 7. Bb3 d6 8. c3
O-O 9. h3 Nb8 10. d4 Nbd7 11. Nbd2 Bb7 12. Bc2 c5 13. b3 {Not very common but
perfectly sound. White wants to build a classical formation with B:s on b2 and
c2, Q on d2 och R:s on d1 and e1.} (13. d5) (13. Nf1) 13... cxd4 $146 {A
slightly dubious strategy that plays into Whites hands. Keeping the centre
closed looks more in tune with the wibes of the situation.} (13... Re8 {
has been played a number of times.}) 14. cxd4 exd4 15. Nxd4 Re8 16. a4 (16. Bb2
) 16... bxa4 17. bxa4 Rc8 18. Nf5 Qc7 19. Bb3 Bf8 20. Bb2 $14 {This is the
kind of position most players of the white side is looking for in the Ruy
Lopez: aggressive N on f5, long shooting B:s on b2 and b3. At least pleasant
for White.} d5 21. Rc1 Qf4 $5 {The Q is not very comfortable in front of
Whites advancing army. But the idea is to disturb White's build up on the
K-side.} (21... Qb8) 22. Rxc8 Bxc8 23. g3 Qg5 (23... Qb8 $5) 24. h4 Qg6 25. h5
$5 {Here one would expect Black to accept a roughly equal game by exchanging Q:
s.} Nxh5 (25... Qxh5 $142 26. Qxh5 Nxh5 27. Bxd5 Nc5 $13) 26. Nh4 Qg5 $2 {
Black is too generous with tempi in this game.} (26... Qh6) 27. Ndf3 Qe7 (27...
Qd8 $4 28. Qxd5 $18) 28. exd5 Qd8 29. Rxe8 Qxe8 30. Ng5 $1 $40 {White has a
dangerous attack - Black has no counterplay anywhere.} Nxg3 {Too late for
tricks - White just ignores the N and continues his play.} (30... Ndf6 31. d6
Be6 32. Nxe6 fxe6 33. Nf3 $18 {[%cal Yf3g5]}) 31. d6 $1 $18 Qe2 32. Bxf7+ Kh8
33. Qb1 Ne4 34. Qxe4 Qd1+ 35. Kh2 Bxd6+ 36. f4 Qd2+ 37. Kg3 1-0

[Event "Bermuda"]
[Site "Bermuda"]
[Date "2004.01.17"]
[Round "3"]
[White "Shabalov, Alexander"]
[Black "Vescovi, Giovanni P"]
[Result "0-1"]
[WhiteElo "2623"]
[BlackElo "2633"]
[Annotator "Wedberg,T"]
[PlyCount "118"]
[EventDate "2004.01.15"]
[EventType "tourn"]
[EventRounds "10"]
[EventCountry "BER"]
[EventCategory "16"]
[SourceTitle "CBM 099"]
[Source "ChessBase"]
[SourceDate "2004.03.30"]
[SourceVersion "1"]
[SourceVersionDate "2004.03.30"]
[SourceQuality "1"]

1. e4 e5 2. Nf3 Nc6 3. Bb5 a6 4. Ba4 Nf6 5. O-O Be7 6. Re1 b5 7. Bb3 d6 8. c3
O-O 9. h3 Bb7 (9... Nb8 {The Breyer variation.}) 10. d4 Re8 11. Nbd2 Bf8 12.
Bc2 (12. a4 {is perhaps considered more exact and leads to the Zaitzev
variation. After the text Black has a choice.}) 12... Nb8 $5 {This way we
reach the Breyer variation in a slightly different fashion, where White´s
choices are a bit more limited than in the normal Breyer line.} 13. b3 (13. Nf1
$6 {due to the move-order this standard manoeuvre in the Breyer is a mistake
here.} exd4 $1 {[%csl Re4]} 14. cxd4 (14. Nxd4 Bxe4 15. Bg5 Bxc2 16. Qxc2 Nbd7
$17 {1/2-1/2 Ginzburg,M-Acs,P/Verdun 1995/EXT 97 (40)}) 14... Nxe4 15. d5 Nf6
16. Rxe8 Qxe8 17. Ne3 Nbd7 $15 {1/2-1/2 Romanishin,O-Razuvaev,Y/Tbilisi 1978/
URS-ch (48)}) (13. a4 Nbd7 14. Bd3 {is White's main option in this line with
the N still on d2, e.g.} c6 15. b3 Qc7 (15... g6 16. Qc2 Rc8 17. Bb2 Nh5 18.
Bf1 exd4 19. cxd4 d5 20. e5 b4 21. Nh2 c5 $36 {Bezgodov - Balashov, Perm 1997,
0-1.}) 16. Qc2 g6 17. Bb2 Rac8 18. Rad1 Bg7 19. b4 Nh5 20. Bf1 Nb6 21. a5 Nd7
22. dxe5 Nxe5 23. Nxe5 dxe5 24. c4 {with a White initiative in Khalifman -
Goldin, Elista 1997, 1-0.}) 13... Nbd7 14. d5 c6 15. c4 Qc7 16. Nf1 Rec8 17.
Ne3 a5 {With the centre locked Black logically seek play on the flank.} (17...
g6 {has been played with decent result for Black, but in this position ideas
and focus of play is more important than exact move-orders.} 18. Bd2 (18. Nh2
h5 19. Nhf1 a5 20. Bd2 Bg7 21. Rc1 bxc4 22. bxc4 Nc5 $132 {1/2-1/2 Ljubojevic,
L-Beliavsky,A/Reykjavik 1991/CBM 26 (61)}) 18... bxc4 (18... Nc5 19. Ng4 Nxg4
20. hxg4 cxd5 21. cxd5 Na4 22. Bd3 Nb2 23. Qb1 Nxd3 24. Qxd3 $14 {1/2-1/2
Ljubojevic,L-Portisch,L/Tilburg 1983/MCD (34)}) 19. bxc4 Nc5 20. dxc6 Bxc6 21.
Nd5 Nxd5 22. cxd5 Bb5 $11 {1/2-1/2 Geller,E-Klarenbeek,H/Cappelle la Grande
1993/TD (64)}) 18. Bd2 bxc4 19. bxc4 Ba6 $146 (19... g6 20. Rc1 Nc5 21. dxc6
Bxc6 22. Nd5 Qd8 23. Rb1 Rcb8 24. Qe2 Bg7 $11 {0-1 Zapata,A-Bruzon,L/
Casablanca 2003 (68)}) (19... Nc5 20. Nf5 Ba6 21. Bg5 Ncd7 22. Ba4 Bb7 23. Rc1
h6 24. Bxf6 Nxf6 25. c5 $36 {1-0 Geller,E-Lukacs,P/Sochi 1984/MCD (33)}) 20.
Rc1 Nc5 21. dxc6 Qxc6 22. Nd5 Nxd5 23. exd5 Qd7 24. Bxa5 $6 {White enters a
rather risky path.} Bxc4 25. Bxh7+ $6 {Probably incorrect. White doesn't have
enough pieces to support his attack.} Kxh7 26. Rxc4 Rxa5 27. Ng5+ Kg6 $1 {
The refutation.} (27... Kg8 $2 28. Qh5 Qf5 29. Rh4 $18) 28. Rg4 Qf5 $6 {
Black is not defending well here.} (28... f5 29. Rg3 Kh6 $1 (29... Rxa2 30.
Ne6+ Kf6 31. Qh5 $40) 30. Qd2 f4 {and White is lost.}) 29. Re3 $5 (29. Ne4+ Kh7
30. Rg5 Qxe4 31. Rxe4 Nxe4 $17) 29... Ra4 $2 30. Rf3 Rf4 31. Ne6+ Kh7 32. Nxf4
exf4 33. Rgxf4 $18 {White´s speculative attack has succeeded. He is winning.}
Qg6 34. Rxf7 Kg8 35. R7f4 Be7 36. Rg3 Qh6 37. Qg4 Rb8 38. Kh2 Bf6 39. Rf5 Rf8
40. f4 Qh7 41. a4 Kf7 42. Re3 Ra8 43. a5 Qh8 44. Rg3 Rxa5 45. Qg6+ Ke7 46. Re3+
Kd8 47. Qf7 Nd7 48. Rxf6 $6 (48. Re6 $16) 48... gxf6 49. Re7 Ra7 50. Qe6 Rb7
51. Qxd6 Qh6 52. Re4 Qf8 53. Qa6 Rb6 54. Qa8+ Nb8 55. Qa7 Nd7 56. Qa8+ Nb8 57.
Qa4 Nd7 58. Re6 Qc5 59. Qe4 Rb4 {Final position looks unclear - White probably
lost on time.} (59... Rb4 60. Qh7 Qxd5 61. Qe7+ Kc7 62. Rxf6 $13) 0-1

[Event "NED-ch56"]
[Site "Leeuwarden"]
[Date "2001.06.21"]
[Round "1"]
[White "Van den Doel, Erik"]
[Black "Van der Sterren, Paul"]
[Result "1-0"]
[WhiteElo "2574"]
[BlackElo "2576"]
[Annotator "Wedberg,T"]
[PlyCount "77"]
[EventDate "2001.06.20"]
[EventType "tourn"]
[EventRounds "9"]
[EventCountry "NED"]
[EventCategory "12"]
[SourceTitle "CBM 084"]
[Source "ChessBase"]
[SourceDate "2001.09.13"]
[SourceVersion "1"]
[SourceVersionDate "2001.09.13"]
[SourceQuality "1"]

1. e4 e5 2. Nf3 Nc6 3. Bb5 a6 4. Ba4 Nf6 5. O-O Be7 6. Re1 b5 7. Bb3 d6 8. c3
O-O 9. h3 Nb8 10. d4 Nbd7 11. Nbd2 Bb7 12. Bc2 Re8 13. Nf1 Bf8 14. Ng3 g6 15.
b3 c5 (15... d5 16. Bg5 h6 17. Bh4 dxe4 18. Nxe4 g5 19. dxe5 $1 Nxe4 20. Bxe4
Bxe4 21. Rxe4 gxh4 22. Rd4 $16 {1-0 Polgar,J-Spassky,B/Budapest 1993/CBM 33/
[Ftacnik] (42)}) 16. d5 Nb6 17. Bd3 $5 $146 {This prevents Black from playing
a5, which has proved to be beneficial in previous games.} (17. Be3 a5 (17...
Nfd7 18. Nh2 h5 19. Qd2 a5 $13 {0-1 Rezan,S-Ladic,J/Tucepi 1996/EXT 98 (86)}) (
17... Bg7 18. Qd2 a5 19. Bg5 a4 $132 {1/2-1/2 Woodcock,C-Haygarth,M/Hastings
1965/EXT 99 (59)}) 18. Nd2 Nfd7 $13 {0-1 Hessel,M-Schmidt,A/Oberhausen 1998/
EXT 2001 (73)}) 17... c4 $2 {Superficially this looks plausible, but I think
it's a principal mistake. Black starts activities on the Q-side, but in the
end it's White who gets the play, because Black has no resources to follow up
this thrust. The P on c4 also looks quite weak.} (17... Qc7 $142) 18. bxc4 bxc4
19. Bc2 Nfd7 20. Rb1 Nc5 21. Be3 Qc7 22. Qc1 $1 {White improves his positions
before he starts a direct attack on c4 with moves like Nd2, Nf1, Bxc5 and Ne3.}
a5 {Preparing to defend c4 with Ba6.} 23. Qa3 Nbd7 24. Rb5 $5 {Now a5 is also
a problem.} Ba6 (24... Reb8 25. Nd2 f5 26. exf5 gxf5 27. Bxc5 Nxc5 28. Nxc4
Bxd5 29. Rxb8 Rxb8 30. Ne3 $16) 25. Rxa5 Be7 26. Nd2 Reb8 27. Nxc4 Qc8 {
[%cal Ye7d8] Black has managed to spark some life into his position, but the
price of two P:s was steep. Not surprisingly White has a way out of Blacks
threats.} 28. Bxc5 Nxc5 29. Rxc5 $1 dxc5 30. Nxe5 Qc7 31. Nc6 Bb7 32. Nxe7+
Qxe7 33. Qc1 Rxa2 34. Bb3 Raa8 35. e5 $16 c4 $2 36. Bxc4 Qc5 37. Ne4 $1 $18
Qxc4 38. Qh6 Ra6 39. Nf6+ 1-0

[Event "Rostov on Don"]
[Site "Rostov on Don"]
[Date "1993.??.??"]
[Round "?"]
[White "Dolmatov, Sergey"]
[Black "Psakhis, Lev"]
[Result "1/2-1/2"]
[WhiteElo "2615"]
[BlackElo "2575"]
[Annotator "Wedberg,T"]
[PlyCount "61"]
[EventDate "1993.05.??"]
[EventType "tourn"]
[EventRounds "11"]
[EventCountry "RUS"]
[EventCategory "14"]
[SourceTitle "CBM 036"]
[Source "ChessBase"]
[SourceDate "1993.10.01"]
[SourceVersion "1"]
[SourceVersionDate "1993.10.01"]
[SourceQuality "1"]

1. e4 {Ernst} e5 2. Nf3 Nc6 3. Bb5 a6 4. Ba4 Nf6 5. O-O Be7 6. c3 O-O 7. Re1 b5
8. Bb3 d6 9. h3 Nb8 10. d4 Nbd7 11. Nbd2 Bb7 12. Bc2 Re8 13. Nf1 Bf8 14. Ng3 g6
15. a4 c5 16. d5 c4 17. Bg5 h6 18. Be3 Nc5 19. Nd2 $146 (19. Qd2) (19. Qd2 {
Ernst}) 19... Nfd7 20. axb5 axb5 21. b3 cxb3 22. Nxb3 Nxb3 23. Bxb3 Qc7 24. Qd2
h5 25. Reb1 Rxa1 26. Rxa1 Nc5 27. Bc2 Bc8 28. Ne2 Bd7 29. Qd1 Rb8 30. Qb1 Kh7
31. Qb4 1/2-1/2

[Event "Novosibirsk"]
[Site "Novosibirsk"]
[Date "1993.??.??"]
[Round "9"]
[White "Akopian, Vladimir Eduardovic"]
[Black "Psakhis, Lev"]
[Result "1-0"]
[WhiteElo "2615"]
[BlackElo "2575"]
[Annotator "Wedberg,T"]
[PlyCount "79"]
[EventDate "1993.06.??"]
[EventType "tourn"]
[EventRounds "11"]
[EventCountry "RUS"]
[EventCategory "14"]
[SourceTitle "CBM 036"]
[Source "ChessBase"]
[SourceDate "1993.10.01"]
[SourceVersion "1"]
[SourceVersionDate "1993.10.01"]
[SourceQuality "1"]

1. e4 e5 2. Nf3 Nc6 3. Bb5 a6 4. Ba4 Nf6 5. O-O Be7 6. Re1 b5 7. Bb3 O-O 8. h3
d6 9. c3 Nb8 10. d4 Nbd7 11. Nbd2 Bb7 12. Bc2 Re8 13. b3 Bf8 14. a4 (14. d5 c6
15. c4 Qc7 16. Nf1 Rec8 17. Ne3 g6 18. Nh2 h5 {Ljubojevic-Beljavskij,
Reykjavik 1991}) 14... g6 15. Bb2 exd4 $6 16. cxd4 {+/= [+]} d5 17. e5 Nh5 18.
Nf1 Ng7 19. Qd2 Ne6 20. Ne3 c5 21. dxc5 Ndxc5 22. Ng4 Bg7 23. axb5 axb5 24.
Rxa8 Bxa8 25. Nf6+ $40 Bxf6 26. exf6 Ne4 27. Qh6 Nxf6 28. Rd1 Qe7 29. Nd4 b4 $2
(29... Nxd4 30. Bxd4 Bc6 31. b4 $44) 30. Nf5 $1 $18 Qc7 31. Bxf6 Qxc2 32. Ne7+
Rxe7 33. Rc1 Qxc1+ 34. Qxc1 Re8 35. Qe3 Rc8 36. h4 Rc6 37. h5 Nf8 38. Bb2 gxh5
39. Qd4 f6 40. Qa7 1-0

[Event "RUS-ch"]
[Site "Elista"]
[Date "1996.??.??"]
[Round "3"]
[White "Sokolov, Andrei"]
[Black "Notkin, Maksim"]
[Result "1-0"]
[WhiteElo "2585"]
[BlackElo "2520"]
[Annotator "Wedberg,T"]
[PlyCount "67"]
[EventDate "1996.10.15"]
[EventType "swiss"]
[EventRounds "11"]
[EventCountry "RUS"]
[SourceTitle "CBM 056"]
[Source "ChessBase"]
[SourceDate "1997.02.01"]
[SourceVersion "1"]
[SourceVersionDate "1997.02.01"]
[SourceQuality "1"]

1. e4 e5 2. Nf3 Nc6 3. Bb5 a6 4. Ba4 Nf6 5. O-O Be7 6. Re1 b5 7. Bb3 d6 8. c3
O-O 9. h3 Nb8 10. d4 Nbd7 11. Nbd2 Bb7 12. Bc2 Re8 13. a4 Bf8 14. Bd3 d5 (14...
c6 15. b4 g6 16. Bb2 Bg7 17. Qc2 Nh5 18. Bf1 Rc8 19. Nb3 {1/2-1/2 Zelcic,
R-Palac,M/CRO-ch 1995}) 15. axb5 (15. exd5 exd4 16. Rxe8 Qxe8 17. cxd4 Nb6 $11
{1/2-1/2 Yudasin,L-Mikhalchishin,A/URS-FL Kujbyshev 1986 (30)}) 15... exd4 $2 {
A novelty, but not every new move is an improvement. This try fails tactically.
} (15... dxe4 16. Nxe4 Nxe4 17. Bxe4 Bxe4 18. Rxe4 axb5 19. Bg5 f6 20. Bh4 Rxa1
21. Qxa1 Bd6 22. Qa2+ Kh8 23. dxe5 Nxe5 {1/2-1/2 Ljubojevic,L-Portisch,L/
Bugojno 1986}) 16. e5 dxc3 17. Nb3 $1 $16 {The refutation. The double attack
on a6 and f6 gives White a clear advantage.} (17. bxc3 Nc5 18. Bf1 Nfe4 $11)
17... Ne4 18. bxa6 Bc8 (18... Bc6 19. Na5 $16) 19. bxc3 Ndc5 (19... Nxc3 20.
Qc2 (20. Bxh7+ Kxh7 21. Qd3+ Kg8 22. Qxc3 Rxa6) 20... Ne4 21. Rd1 $16) 20. Nxc5
Bxc5 21. Be3 Bxe3 22. Rxe3 Nc5 (22... Nxc3 23. Bxh7+ Kxh7 24. Rxc3 Rxa6 25.
Rxa6 Bxa6 26. Qc2+ Kg8 27. Rxc7 $16) 23. a7 c6 24. Qb1 Nxd3 25. Qxd3 Qe7 26.
Qd4 c5 27. Qxd5 Rxa7 28. Rxa7 Qxa7 29. Ng5 $1 $40 Qc7 30. Qe4 g6 31. Qh4 h5 32.
Ne4 Re6 33. Nf6+ Kg7 34. Qg5 1-0

[Event "Europe-Tartarstan m"]
[Site "Kazan"]
[Date "2001.08.15"]
[Round "1"]
[White "Timofeev, Artyom"]
[Black "Bologan, Viktor"]
[Result "1-0"]
[WhiteElo "2521"]
[BlackElo "2655"]
[Annotator "Wedberg,T"]
[PlyCount "73"]
[EventDate "2001.08.15"]
[EventType "team"]
[EventRounds "2"]
[EventCountry "RUS"]
[SourceTitle "CBM 085"]
[Source "ChessBase"]
[SourceDate "2001.11.13"]
[SourceVersion "1"]
[SourceVersionDate "2001.11.13"]
[SourceQuality "1"]

1. e4 e5 2. Nf3 Nc6 3. Bb5 a6 4. Ba4 Nf6 5. O-O Be7 6. Re1 b5 7. Bb3 d6 8. c3
O-O 9. h3 Nb8 10. d4 Nbd7 11. Nbd2 Bb7 12. Bc2 Re8 13. Nf1 Bf8 14. Ng3 g6 15.
a4 Bg7 {This move has had a slight revival in recent years.} (15... c5 16. d5
c4 {is the standard line.}) 16. Bd3 {The best move, adding pressure to b5.} ({
After} 16. d5 Qb8 {protecting d6} 17. b3 c6 18. c4 bxc4 (18... b4 19. Be3 a5
20. Qd2 cxd5 21. cxd5 Rc8 22. Rac1 Nc5 $13 {0-1 Aarthie,R-Vladimirov,E/
Hyderabad 2000/CBM 79/[Hecht] (46)}) 19. bxc4 a5 20. Be3 (20. Ba3 Bf8 21. Rb1
Qc7 22. Qd2 Ba6 23. Bb3 Rab8 24. Rec1 Nc5 $132 {0-1 Sandipan,C-Vladimirov,E/
Kelamabakkam 2000/CBM 79 (61)}) 20... Qc7 21. Ne2 (21. Qd2 Ba6 22. Rec1 Nc5 23.
Bxc5 dxc5 24. d6 Qd8 25. Rab1 Nd7 26. Rd1 Nf8 $13 {0-1 Al Modiahki,M-Kunte,A/
Dubai 2001/CBM 83 (50)}) 21... Ba6 22. Nd2 Reb8 {Black was OK in 1/2-1/2
Grischuk,A-Vladimirov,E/Tomsk 2001/CBM 82 ext (37)}) 16... c6 17. b4 (17. Bg5
h6 18. Bd2 Kh7 19. Qc2 d5 $6 (19... Qb6) 20. exd5 Nxd5 21. h4 $1 $16 {1/2-1/2
Karpov,A-Kavalek,L/Tilburg 1979/MCL/[Minic] (44)}) 17... d5 $146 {[%mdl 8]
It's all or nothing!} (17... Nb6 18. dxe5 (18. a5 Na4 19. Ra3 exd4 20. cxd4 c5
$132 {0-1 Kveinys,A-Bronstein,D/Reykjavik 1994/CBM 39 ext (39)}) 18... dxe5 19.
a5 Nbd7 20. c4 Qe7 21. Qb3 h5 22. Be3 Nh7 23. Rac1 $14 {1/2-1/2 Yagupov,
I-Kunte,A/Biel 2001/CBM 83 ext (66)}) 18. Bg5 dxe4 $2 {Inviting Ng3 into the
game.} (18... exd4 $6 19. e5 dxc3 20. exf6 Rxe1+ 21. Qxe1 Bxf6 22. Bxf6 Qxf6
23. axb5 cxb5 24. Ne2 $16) (18... h6 $142) 19. Nxe4 exd4 20. Nd6 $1 $36 {
Black is riddled with a passive and exposed B on b7.} Rxe1+ 21. Qxe1 Qc7 (21...
Rb8 22. Nxd4 $16) 22. Qe7 Rf8 23. Ne5 $1 Bc8 24. Nxd7 Nxd7 25. Bc2 $1 {[%cal
Yc2b3,Yb3f7][%mdl 128] White builds on his attack with every move.} h6 (25...
Be5 26. Nxf7 $1 Rxf7 27. Bb3 $18) 26. Bh4 c5 (26... dxc3 27. Rd1 $18) 27. Re1
d3 (27... cxb4 28. Bb3 bxc3 29. Bxf7+ Kh8 (29... Kh7 30. Bxg6+ $1 $18) 30. Bxg6
c2 31. Ne8 $18) 28. Bxd3 cxb4 29. axb5 Qxc3 30. Re3 Ne5 31. Bf1 Qa1 32. Bf6 $1
$18 Be6 33. Rxe5 b3 34. Rxe6 Bxf6 35. Rxf6 b2 36. Rxf7 b1=Q 37. Qxf8# 1-0

[Event "USA-CHN Summit"]
[Site "Seattle"]
[Date "2001.03.18"]
[Round "4.5"]
[White "Ivanov, Alexander"]
[Black "Xie, Jun"]
[Result "1-0"]
[WhiteElo "2582"]
[BlackElo "2557"]
[Annotator "Wedberg,T"]
[PlyCount "85"]
[EventDate "2001.03.14"]
[EventType "team"]
[EventRounds "4"]
[EventCountry "USA"]
[SourceTitle "CBM 082"]
[Source "ChessBase"]
[SourceDate "2001.05.17"]
[SourceVersion "1"]
[SourceVersionDate "2001.05.17"]
[SourceQuality "1"]
[WhiteTeam "US of America"]
[BlackTeam "China"]
[WhiteTeamCountry "USA"]
[BlackTeamCountry "CHN"]

1. e4 e5 2. Nf3 Nc6 3. Bb5 a6 4. Ba4 Nf6 5. O-O Be7 6. Re1 b5 7. Bb3 d6 8. c3
O-O 9. h3 h6 10. d4 Re8 11. Nbd2 Bf8 12. Bc2 g6 {An unusual move. Black's
normally choses between developing Bc8 to b7 or d7, but perhaps Xie likes to
keep these options alive for some time yet.} 13. Nf1 {[%mdl 8]} (13. d5 Ne7 14.
a4 Bd7 15. b3 c5 16. dxc6 Nxc6 17. Nf1 Be6 18. Ne3 bxa4 19. b4 Qc8 20. Rxa4 Rd8
21. c4 a5 22. b5 Nb4 23. Bd2 Qc5 24. Bxb4 axb4 $13 {1/2-1/2 Galliamova,A-Xie
Jun/Kazan/Shenyang 1999/CBM 73 (36)}) 13... Bb7 14. d5 Nb8 15. b3 c6 16. c4
Nbd7 17. Ng3 Qc7 18. Be3 Rec8 19. Rc1 bxc4 20. bxc4 a5 21. Qd2 Kh7 22. Ba4 Nb6
$6 (22... c5) 23. Bxc6 $1 {This strong move gives White a clear plus. The
problem for Black is the coming push c4-c5.} Bxc6 24. dxc6 Na4 (24... Qxc6 25.
c5 $1 $16) 25. c5 $1 Nxc5 (25... dxc5 26. Qc2 Nb6 27. Bxc5 Qxc6 28. Qb3 $1 Bxc5
29. Qxf7+ Kh8 30. Nxe5 $18) 26. Nxe5 $1 Ncxe4 27. Nxe4 Nxe4 28. Qd4 dxe5 29.
Qxe4 Ra6 30. Qd5 {[%csl Rf7]} Kg8 31. a4 Rxc6 32. Rxc6 Qxc6 33. Qxa5 {Xie has
defended well, but the problems are not over. The a-P gets strong support from
the excellently placed Be3.} Ra8 34. Qb5 Qc3 $2 {This is refuted with a nice
tactical line.} (34... Qa6 $5) 35. Rc1 Qa3 36. Qxe5 Bg7 37. Qe4 $1 Rb8 $18 (
37... Qxa4 38. Rc8+ $18) (37... Rxa4 38. Qe8+ Kh7 39. Rc8 g5 40. Qg8+ Kg6 41.
Rc6+ f6 42. Rc7 Qf8 43. Rxg7+ Qxg7 44. Qe8+ Kh7 45. Qxa4 $18) 38. g3 Kh7 39.
Rc4 Qa1+ 40. Rc1 Qa3 41. Kg2 Rb4 42. Rc4 Rb2 43. Bc1 1-0